Slovensko má väčšinu negatívnych dôsledkov transformácie za sebou rozhovor s viceguvernérkou Národnej banky Slovenska Elenou Kohútikovou
Rozhovor s viceguvernérkou NBS E. Kohútikovou o súvislostiach medzi stavom slovenskej ekonomiky a menovým vývojom, menovou politikou.
Saved in:
| Main Author: | |
|---|---|
| Other Authors: | |
| Format: | Book Chapter |
| Language: | Slovak |
| Subjects: | |
| Tags: |
No Tags, Be the first to tag this record!
|
MARC
| LEADER | 00000naa a2200000 4500 | ||
|---|---|---|---|
| 001 | r048975 | ||
| 005 | 20230929074925.7 | ||
| 041 | 0 | |a slo | |
| 044 | |a SK | ||
| 245 | 1 | 0 | |a Slovensko má väčšinu negatívnych dôsledkov transformácie za sebou |b rozhovor s viceguvernérkou Národnej banky Slovenska Elenou Kohútikovou |c Aut.interv. Jaroslav Němec, účast. interv. Elena Kohútiková |
| 520 | |a Rozhovor s viceguvernérkou NBS E. Kohútikovou o súvislostiach medzi stavom slovenskej ekonomiky a menovým vývojom, menovou politikou. | ||
| 610 | 2 | 0 | |a transformácia |
| 610 | 2 | 0 | |a Slovensko |
| 610 | 2 | 0 | |a politika menová |
| 610 | 2 | 0 | |a vývoj menový |
| 100 | 1 | |a Němec, Jaroslav | |
| 700 | 1 | |a Kohútiková, Elena | |